Logo BPK

Biblioteka

Politechniki Koszalińskiej

Image analysis for object recognition / (Rekord nr 45546)

Szczegóły MARC
000 -ETYKIETA REKORDU
podpole kontrolne o stałej długości 00642nam a2200205 i 4500
001 - NUMER KONTROLNY REKORDU
pole kontrolne bg
040 ## - ŹRÓDŁO KATALOGOWANIA
Instytucja, która utworzyła rekord BPK
041 0# - KOD JĘZYKA
Kod języka tekstu pol
080 ## - UNIWERSALNA KLASYFIKACJA DZIESIĘTNA - UKD
UKD 004.93'1
008 - POLE O STAŁEJ DŁUGOŚCI - DANE KONTROLNE
podpole kontrolne o stałej długości s pl f |000 0 pol
100 1# - NAZWA OSOBOWA
Nazwa osobowa SAEED, Khalid
245 10 - TYTUŁ/ODPOWIEDZIALNOŚĆ
Tytuł Image analysis for object recognition /
Pozostałe elementy strefy tytułu i oznaczenia odpowiedzialności Khalid Saeed.
260 ## - STREFA ADRESU WYDAWNICZEGO
Miejsce wydania Bialystok :
Nazwa wydawcy/dystrybutora Technical Univesity Press,
Data publikacji, dystrybucji/powstania dokumentu 2004.
300 ## - STREFA OPISU FIZYCZNEGO
Objętość 152 s. :
Inne cechy fizyczne il. ;
Rozmiary 24 cm.
490 1# - STREFA SERII I DOKUMENTU WIELOCZĘŚCIOWEGO - FORMA NIE DO WYSZUKIWANIA
Tytuł i oznaczenie odpowiedzialności serii Dissertation / Bialystok Technical University,
ISSN 0867-696X ;
Numeracja w obrębie serii no. 109
504 ## - UWAGA DOTYCZĄCA BIBLIOGRAFII
Informacje o bibliografii Bibliogr. Indeks.
650 #9 - HASŁO PRZEDMIOTOWE W FORMIE NAZWY OGÓLNEJ LUB JEDNOSTKOWEJ
Nazwa ogólna lub geograficzna Rozpoznawanie obrazów
830 #0 - HASŁO DODATKOWE SERII LUB DOKUMENTU WIELOCZĘŚCIOWEGO - TYTUŁ UJEDNOLICONY
Tytuł ujednolicony Dissertation (Bialystok Technical University) ;
Oznaczenie tomu no. 109
942 ## - DODATKOWE ELEMENTY (KOHA)
Typ dokumentu Książka
Egzemplarze
Wycofany Status egzemplarza Uszkodzony Dostępność Lokalizacja stała Lokalizacja bieżąca Miejsce przechowywania Sygnatura Kod kreskowy Typ dokumentu
      Dostępny Biblioteka Politechniki Koszalińskiej Biblioteka Politechniki Koszalińskiej Wypożyczalnia BG 74411 02247311 Książka
© 2023 Biblioteka Politechniki Koszalińskiej :: KOHA